Industrial Directory Of Pune 2008 (Record no. 318990)
[ view plain ]
| 000 -LEADER | |
|---|---|
| fixed length control field | 00501nam a2200157Ia 4500 |
| 008 - FIXED-LENGTH DATA ELEMENTS--GENERAL INFORMATION | |
| fixed length control field | 230718s9999 xx 000 0 und d |
| 041 ## - LANGUAGE CODE | |
| Language code of text/sound track or separate title | eng |
| 082 ## - DEWEY DECIMAL CLASSIFICATION NUMBER | |
| Classification number | 338.0025 |
| Item number | MAH |
| 100 ## - MAIN ENTRY--PERSONAL NAME | |
| Personal name | Mahratta Chamber Of Commerce Industries And Agriculture |
| 9 (RLIN) | 146652 |
| 245 ## - TITLE STATEMENT | |
| Title | Industrial Directory Of Pune 2008 |
| 260 ## - PUBLICATION, DISTRIBUTION, ETC. (IMPRINT) | |
| Name of publisher, distributor, etc. | Mccia |
| 300 ## - PHYSICAL DESCRIPTION | |
| Accompanying material [OBSOLETE, CAN/MARC] | Ref 336 G (30197) |
| 365 ## - TRADE PRICE | |
| Currency code | Rs. |
| Price amount | 1250.00 |
| 700 ## - ADDED ENTRY--PERSONAL NAME | |
| Personal name | Mahratta Chamber Of Commerce Industries And Agriculture |
| 9 (RLIN) | 146652 |
| 906 ## - LOCAL DATA ELEMENT F, LDF (RLIN) | |
| d | B:J/246 61215-Jul-2008 |
| c | OTH |
| Withdrawn status | Lost status | Source of classification or shelving scheme | Reference No | Damaged status | Not for loan | Home library | Current library | Date acquired | Vendor | Budget Code | Cost, normal purchase price | Bill number | Full call number | Barcode | Date last seen | Cost, replacement price | Bill Date | Koha item type | Original Barcode |
|---|---|---|---|---|---|---|---|---|---|---|---|---|---|---|---|---|---|---|---|
| Dewey Decimal Classification | Ref 336 G (30197) | Reference | Cummins College of Engineering for Women Pune | Cummins College of Engineering for Women Pune | 22/07/2008 | Mcci | OTH | 1250.00 | J/246 612 | 338.0025 | CCEP-BK-30197 | 18/07/2023 | 1250.00 | 15/07/2008 | Books | 030197 |